Jorge Amado novels Quiz Stats

 Plays Quiz not verified by Sporcle

Challenge
Share
Tweet
Embed
Score 0/23 Timer 05:00
0 Plays Today
Year Novel % Correct
1937Capitães da Areia
66.7%
1966Dona Flor e Seus Dois Maridos
66.7%
1958Gabriela, Cravo e Canela
50%
1977Tieta do Agreste
50%
1933Cacau
33.3%
1934Suor
33.3%
1936Mar Morto
33.3%
1943Terras do Sem-Fim
33.3%
1984Tocaia Grande
33.3%
1935Jubiabá
16.7%
1944São Jorge dos Ilhéus
16.7%
1946Seara Vermelha
16.7%
Year Novel % Correct
1961A Morte e a Morte de Quincas Berro d'Água
16.7%
1969Tenda dos Milagres
16.7%
1979Farda, Fardão, Camisola de Dormir
16.7%
1988O Sumiço da Santa
16.7%
1994A Descoberta da América Pelos Turcos
16.7%
1930O País do Carnaval
0%
1954Os Subterrâneos da Liberdade
0%
1961Os Velhos Marinheiros ou o Capitão de Longo Curso
0%
1964Os Pastores da Noite
0%
1964O Compadre de Ogum
0%
1972Teresa Batista Cansada de Guerra
0%

You're not logged in!

Compare scores with friends on all Sporcle quizzes.
Join for Free
OR
Log In

You Might Also Like...

Show Comments

Extras

Created May 11, 2013ReportFavoriteNominate
Tags:Novel Quiz

Top Quizzes Today


Score Distribution

Your Account Isn't Verified!

In order to create a playlist on Sporcle, you need to verify the email address you used during registration. Go to your Sporcle Settings to finish the process.

Report this User

Report this user for behavior that violates our Community Guidelines.

Details: